Service charge study update 2005 (Record no. 104795)

MARC details
000 -LEADER
fixed length control field 01409cam a2200241 4500
001 - CONTROL NUMBER
control field ##L131619
008 - FIXED-LENGTH DATA ELEMENTS--GENERAL INFORMATION
fixed length control field 110527n2005 000 0 eng u
020 ## - INTERNATIONAL STANDARD BOOK NUMBER
International Standard Book Number 0955189519
035 ## - SYSTEM CONTROL NUMBER
System control number (Sirsi) u131619
041 0# - LANGUAGE CODE
Language code of text/sound track or separate title eng
050 04 - LIBRARY OF CONGRESS CALL NUMBER
Classification number 346.4104343 $2 18
100 1# - MAIN ENTRY--PERSONAL NAME
Personal name Calvert, John R.
245 00 - TITLE STATEMENT
Title Service charge study update 2005
Medium [electronic resource]
260 ## - PUBLICATION, DISTRIBUTION, ETC.
Place of publication, distribution, etc. Loughborough
Name of publisher, distributor, etc. Loughborough University Enterprises
Date of publication, distribution, etc. 2005
520 ## - SUMMARY, ETC.
Summary, etc. Update to the five-year study of multi-let office service charges published in November 2005 (L129496). The additional two years' data underlines both that these charges are becoming more expensive and more time-consuming for those involved and that tenant action is now urgently needed now. The update reports whereas the median cost per square foot is similar to that in the main report (£4.70) the quartiles are further apart so that the spread of cost per square foot is getting worse.
590 ## - LOCAL NOTE (RLIN)
Local note IKA221105
650 24 - SUBJECT ADDED ENTRY--TOPICAL TERM
Topical term or geographic name entry element LOUGHBOROUGH REPORT ON COMMERCIAL PROPERTY SERVICE CHARGES
690 ## - LOCAL SUBJECT ADDED ENTRY--TOPICAL TERM (OCLC, RLIN)
Topical term or geographic name as entry element PROPERTY-COMMERCIAL PROPERTY-OFFICE PROPERTY-OFFICES
690 ## - LOCAL SUBJECT ADDED ENTRY--TOPICAL TERM (OCLC, RLIN)
Topical term or geographic name as entry element PROPERTY-COMMERCIAL PROPERTY-COMMERCIAL LANDLORD AND TENANT-COMMERCIAL SERVICE CHARGES
700 1# - ADDED ENTRY--PERSONAL NAME
Personal name Lockyer, Elise
856 40 - ELECTRONIC LOCATION AND ACCESS
Uniform Resource Identifier <a href="https://www.property-solutions.co.uk/site_media/uploads/The_trouble_with_service_charges.pdf">https://www.property-solutions.co.uk/site_media/uploads/The_trouble_with_service_charges.pdf</a>
Public note View the update at www.property-solutions.co.uk
942 ## - ADDED ENTRY ELEMENTS (KOHA)
Suppress in OPAC 0
Holdings
Withdrawn status Lost status Source of classification or shelving scheme Damaged status Not for loan Home library Current library Shelving location Date acquired Total Checkouts Full call number Barcode Date last seen Copy number Price effective from Koha item type
    Dewey Decimal Classification     Virtual Virtual Online 21/11/2005   ONLINE PUBLICATION 131619-2001 06/08/2019 1 06/08/2019 Book